| 000 | 00645cam a22001575a 4500 | ||
|---|---|---|---|
| 001 | J100752 | ||
| 008 | 000000s1913 xxk 000 0 eng u | ||
| 035 | _a(Sirsi) u100752 | ||
| 110 |
_aAuctioneers' and Estate Agents' Institute of the United Kingdom _93789 |
||
| 245 | _aValuations and leasehold valuations under the Finance (1909-1910) Act, 1910. By Sydney A Smith. A paper read at a meeting of the Liverpool and District and North Wales Branch of the Auctioneers' and Estate Agents' Institute on Wednesday, 15th January, 1913. | ||
| 260 | _c1913 | ||
| 300 | _a13p. | ||
| 651 | 4 |
_aUnited Kingdom _y |
|
| 690 |
_aValuation _96273 |
||
| 942 | _n0 | ||
| 999 |
_c99801 _d99801 |
||